[Event "España ch sub-16"]
[Site "Mondariz ESP"]
[Date "2005.07.14"]
[Round "6.4"]
[White "Güetas Sanchez, Hugo"]
[Black "Aloma Vidal, Robert"]
[Result "0-1"]
[WhiteElo "2062"]
[BlackElo "2350"]
[PlyCount "76"]
[EventDate "2005.07.11"]
[EventType "swiss"]
[EventRounds "8"]
[EventCountry "ESP"]
[Source "lmi"]
[SourceDate "2005.07.15"]

1. e4 c5 2. Nf3 d6 3. d4 cxd4 4. Nxd4 Nf6 5. Nc3 Nc6 6. Bg5 e6 7. Qd2 a6 8.
O-O-O Bd7 9. f3 b5 10. Nxc6 Bxc6 11. Ne2 h6 12. Be3 Qc7 13. Nd4 Bb7 14. h4 Nd7
15. Kb1 d5 16. exd5 Bxd5 17. Qf2 Be7 18. g4 Qb7 19. Rh3 h5 20. g5 g6 21. Nb3
O-O 22. Rc1 Rfc8 23. Nd2 b4 24. Qe2 a5 25. Qb5 Qc7 26. Ne4 a4 27. Qe2 a3 28. c4
Bxe4+ 29. fxe4 b3 30. Bd4 bxa2+ 31. Ka1 e5 32. Bc3 Nc5 33. Qc2 axb2+ 34. Bxb2
Na4 35. Ba3 Bc5 36. Kxa2 Qa5 37. Rb1 Bxa3 38. Rb5 Qxb5 0-1

[Event "España ch sub-16"]
[Site "Mondariz ESP"]
[Date "2005.07.14"]
[Round "6.5"]
[White "Trigo Urquijo, Sergio"]
[Black "Huerga Leache, Mikel"]
[Result "1-0"]
[WhiteElo "2045"]
[BlackElo "2176"]
[PlyCount "75"]
[EventDate "2005.07.11"]
[EventType "swiss"]
[EventRounds "8"]
[EventCountry "ESP"]
[Source "lmi"]
[SourceDate "2005.07.15"]

1. e4 c5 2. Nc3 a6 3. g3 b5 4. Bg2 Bb7 5. d3 e6 6. f4 d5 7. exd5 Nf6 8. Nf3
Nxd5 9. Ne4 Nc6 10. O-O Qc7 11. Re1 Be7 12. f5 e5 13. Bd2 Nf6 14. Nfg5 Nd4 15.
Nxf6+ gxf6 16. Ne4 h5 17. c3 Nc6 18. Be3 O-O-O 19. Nxc5 Bxc5 20. Bxc5 Qd7 21.
Be4 h4 22. g4 h3 23. Re3 Ne7 24. Bxe7 Qxe7 25. Qf3 Rdg8 26. Kf2 Bxe4 27. Qxe4
Qc5 28. d4 exd4 29. cxd4 Qd6 30. Kg1 Re8 31. Qa8+ Kc7 32. Qa7+ Kd8 33. Rae1 Qf4
34. Rxe8+ Rxe8 35. Qa8+ Kc7 36. Qxe8 Qxg4+ 37. Kf2 Qxf5+ 38. Ke3 1-0

[Event "España ch sub-16"]
[Site "Mondariz ESP"]
[Date "2005.07.14"]
[Round "6.6"]
[White "Garcia Millan, Laura"]
[Black "Remoli Sargues, Francisco"]
[Result "0-1"]
[WhiteElo "1983"]
[BlackElo "2139"]
[PlyCount "70"]
[EventDate "2005.07.11"]
[EventType "swiss"]
[EventRounds "8"]
[EventCountry "ESP"]
[Source "lmi"]
[SourceDate "2005.07.15"]

1. e4 d6 2. d4 Nf6 3. Nc3 Nbd7 4. Bc4 e5 5. Nf3 Be7 6. dxe5 dxe5 7. O-O O-O 8.
Qe2 c6 9. Bg5 b5 10. Bb3 Qc7 11. Bh4 a5 12. a4 b4 13. Nd1 Nb6 14. Nd2 Ba6 15.
Bc4 Nxc4 16. Nxc4 Ne8 17. Bxe7 Qxe7 18. b3 Nd6 19. Ndb2 Nxc4 20. Nxc4 Qe6 21.
Rfd1 Rfd8 22. Rd3 Rd4 23. Rad1 c5 24. Qh5 Bxc4 25. bxc4 Rad8 26. Qe2 Qxc4 27.
Rxd4 Rxd4 28. Rxd4 Qxd4 29. Qe1 c4 30. h3 g6 31. Kh2 b3 32. cxb3 c3 33. Qe2 Qd2
34. Qb5 Qf4+ 35. Kg1 c2 0-1

[Event "España ch sub-16"]
[Site "Mondariz ESP"]
[Date "2005.07.14"]
[Round "6.8"]
[White "Gallart Zafra, Jaume"]
[Black "Llorente Zaro, Alfonso"]
[Result "0-1"]
[WhiteElo "2077"]
[BlackElo "2355"]
[PlyCount "70"]
[EventDate "2005.07.11"]
[EventType "swiss"]
[EventRounds "8"]
[EventCountry "ESP"]
[Source "lmi"]
[SourceDate "2005.07.15"]

1. Nf3 d6 2. g3 e5 3. d3 f5 4. Nbd2 Nf6 5. e4 Nc6 6. Bg2 Be7 7. c3 O-O 8. O-O
Kh8 9. Re1 Qe8 10. b4 fxe4 11. dxe4 a5 12. b5 Nd8 13. a4 Be6 14. Nf1 c6 15.
bxc6 bxc6 16. Ba3 Nf7 17. Rb1 Rb8 18. N3d2 Qd7 19. Ne3 d5 20. Bxe7 Qxe7 21. Qc2
Qa7 22. Rxb8 Rxb8 23. Rb1 Rxb1+ 24. Qxb1 Nd6 25. Qb3 Qc5 26. Qb8+ Bg8 27. Qf8
Ndxe4 28. Qxc5 Nxc5 29. Nf3 Nfd7 30. Ng4 e4 31. Nd4 h5 32. Ne3 Ne5 33. f4 exf3
34. Nxf3 Nxf3+ 35. Bxf3 Nxa4 0-1

[Event "España ch sub-16"]
[Site "Mondariz ESP"]
[Date "2005.07.14"]
[Round "6.9"]
[White "Vallejo Diaz, Javier"]
[Black "Mestre Bellido, Hector"]
[Result "0-1"]
[WhiteElo "2156"]
[BlackElo "2013"]
[PlyCount "64"]
[EventDate "2005.07.11"]
[EventType "swiss"]
[EventRounds "8"]
[EventCountry "ESP"]
[Source "lmi"]
[SourceDate "2005.07.15"]

1. e4 e5 2. f4 exf4 3. Nf3 g5 4. h4 g4 5. Ne5 d6 6. Nxg4 Nf6 7. Nf2 Rg8 8. d4
Bh6 9. Qf3 Rg3 10. Qd1 Qe7 11. Nc3 Nc6 12. Bb5 Kf8 13. Kf1 Ng4 14. Be2 Ne3+ 15.
Bxe3 fxe3 16. Nd5 Qd8 17. Ng4 Bxg4 18. Bxg4 Ne7 19. Nxe7 Qxe7 20. Bf3 Qf6 21.
Ke2 Re8 22. Qe1 Bf4 23. Qc3 c6 24. Qd3 Kg8 25. Rag1 Kh8 26. h5 h6 27. Qd1 Reg8
28. c3 Qg5 29. Kf1 e2+ 30. Qxe2 Be3 31. Qe1 Bxg1 32. Rxg1 Rxf3+ 0-1

[Event "España ch sub-16"]
[Site "Mondariz ESP"]
[Date "2005.07.14"]
[Round "6.10"]
[White "Torres Tellez, Jonathan"]
[Black "Fernandez Losada, Daniel"]
[Result "0-1"]
[WhiteElo "2017"]
[BlackElo "2108"]
[PlyCount "89"]
[EventDate "2005.07.11"]
[EventType "swiss"]
[EventRounds "8"]
[EventCountry "ESP"]
[Source "lmi"]
[SourceDate "2005.07.15"]

1. e4 c5 2. Nf3 Nc6 3. d4 cxd4 4. Nxd4 Nf6 5. Nc3 e5 6. Ndb5 d6 7. Bg5 a6 8.
Na3 b5 9. Bxf6 gxf6 10. Nd5 Bg7 11. Bd3 O-O 12. c3 f5 13. O-O fxe4 14. Bxe4 f5
15. Nf6+ Rxf6 16. Bxc6 Ra7 17. Bd5+ Kh8 18. Nc2 Rh6 19. Re1 Qh4 20. h3 Rg6 21.
Kf1 e4 22. Qe2 Be5 23. f3 Rag7 24. Ne3 h5 25. Red1 f4 26. Bxe4 Rg5 27. Ng4 hxg4
28. fxg4 Be6 29. Qf2 Qh6 30. Bf3 Rh7 31. a4 bxa4 32. Be4 Rf7 33. Bf3 Rg8 34.
Rd2 Qf6 35. Rxa4 Rc7 36. Be4 Rb8 37. Ra1 Kg7 38. Bd5 Bd7 39. Bf3 Rc5 40. h4
Rcb5 41. Rxa6 Kf8 42. Ra7 Be6 43. Ra1 d5 44. Ra6 d4 45. c4 0-1

[Event "España ch sub-16"]
[Site "Mondariz ESP"]
[Date "2005.07.14"]
[Round "6.11"]
[White "Guadamuro Torrente, Ana Isabel"]
[Black "Blanco Villalba, Jose Francisco"]
[Result "1-0"]
[WhiteElo "2084"]
[BlackElo "1938"]
[PlyCount "89"]
[EventDate "2005.07.11"]
[EventType "swiss"]
[EventRounds "8"]
[EventCountry "ESP"]
[Source "lmi"]
[SourceDate "2005.07.15"]

1. e4 e6 2. Nf3 d5 3. Nc3 Nf6 4. e5 Nfd7 5. d4 c5 6. dxc5 Nc6 7. Bf4 Bxc5 8.
Bd3 f6 9. exf6 Qxf6 10. Bg5 Qf7 11. O-O O-O 12. Bh4 Nf6 13. Qe2 Bd7 14. h3 Nd4
15. Qd1 Nxf3+ 16. Qxf3 Bc6 17. Qe2 Nd7 18. Kh1 e5 19. f3 Rae8 20. Bb5 Nf6 21.
Bf2 Bxf2 22. Qxf2 Nh5 23. Bxc6 bxc6 24. Ne2 Rb8 25. b3 Qe7 26. Qe3 Rfe8 27.
Rad1 e4 28. f4 Rbd8 29. Nd4 Qd6 30. Kh2 a6 31. b4 Rf8 32. g3 c5 33. bxc5 Qxc5
34. Qe2 g6 35. Ne6 Qa3 36. Rg1 Rd6 37. Nxf8 Kxf8 38. Rb1 Qxa2 39. Rb8+ Kg7 40.
Rb7+ Kg8 41. Rg2 Qa4 42. Qg4 Qe8 43. Qe2 d4 44. Qc4+ Qe6 45. Qc7 1-0

[Event "España ch sub-16"]
[Site "Mondariz ESP"]
[Date "2005.07.14"]
[Round "6.12"]
[White "Leiva Velasco, David"]
[Black "Cabrera Trujillo, Jorge"]
[Result "1-0"]
[WhiteElo "2203"]
[BlackElo "2059"]
[PlyCount "77"]
[EventDate "2005.07.11"]
[EventType "swiss"]
[EventRounds "8"]
[EventCountry "ESP"]
[Source "lmi"]
[SourceDate "2005.07.15"]

1. e4 c5 2. Nf3 d6 3. d4 cxd4 4. Nxd4 Nf6 5. Nc3 g6 6. Be3 Bg7 7. f3 Nc6 8. Qd2
O-O 9. Bc4 Bd7 10. O-O-O Qa5 11. h4 Rfc8 12. Bb3 Ne5 13. Kb1 h5 14. Bg5 Rc5 15.
Bxf6 Bxf6 16. Nd5 Rxd5 17. Bxd5 Qb6 18. c3 a5 19. f4 Ng4 20. Rde1 e6 21. Bb3
Qc5 22. Rh3 b5 23. Rd3 Bxh4 24. g3 Be7 25. Bd1 e5 26. Nf3 Be6 27. Bb3 Nf2 28.
Bxe6 fxe6 29. Rde3 Ng4 30. R3e2 exf4 31. gxf4 Bf8 32. Nd4 Kf7 33. f5 gxf5 34.
exf5 e5 35. Qg5 Nf6 36. Qg6+ Ke7 37. Ne6 Qd5 38. Nf4 Qc5 39. Nd3 1-0

[Event "España ch sub-16"]
[Site "Mondariz ESP"]
[Date "2005.07.14"]
[Round "6.13"]
[White "Ladron De Guevara Pinto, Miguel"]
[Black "Gallardo De La Torre, Yasmina"]
[Result "1-0"]
[WhiteElo "2145"]
[BlackElo "2026"]
[PlyCount "31"]
[EventDate "2005.07.11"]
[EventType "swiss"]
[EventRounds "8"]
[EventCountry "ESP"]
[Source "lmi"]
[SourceDate "2005.07.15"]

1. e4 e5 2. Nf3 Nc6 3. Bc4 Bc5 4. c3 Nf6 5. d3 d6 6. Bb3 h6 7. Nbd2 a6 8. Nf1
O-O 9. Ng3 Ba7 10. O-O Bg4 11. h3 Bd7 12. Be3 Re8 13. Qd2 Bxe3 14. fxe3 Na5 15.
Bc2 c6 16. b4 1-0

[Event "España ch sub-16"]
[Site "Mondariz ESP"]
[Date "2005.07.14"]
[Round "6.14"]
[White "Robles Garcia, Claudia"]
[Black "Gimenez Martinez, Alberto"]
[Result "0-1"]
[WhiteElo "2144"]
[BlackElo "2025"]
[PlyCount "48"]
[EventDate "2005.07.11"]
[EventType "swiss"]
[EventRounds "8"]
[EventCountry "ESP"]
[Source "lmi"]
[SourceDate "2005.07.15"]

1. e4 c5 2. Nf3 d6 3. d4 cxd4 4. Nxd4 Nf6 5. Nc3 a6 6. Be3 e6 7. g4 h6 8. Qf3
Nbd7 9. Qh3 e5 10. Nf5 g6 11. g5 gxf5 12. exf5 d5 13. gxf6 d4 14. Bc4 Nxf6 15.
O-O-O Qc7 16. Qh4 Be7 17. Bg5 dxc3 18. Bxf6 Qb6 19. Rd8+ Bxd8 20. Bxf7+ Kxf7
21. Qh5+ Kf8 22. Bxh8 Bg5+ 23. Kd1 Qd4+ 24. Ke2 Qe4+ 0-1

[Event "España ch sub-16"]
[Site "Mondariz ESP"]
[Date "2005.07.14"]
[Round "7.1"]
[White "Aloma Vidal, Robert"]
[Black "Vila Gazquez, Javier"]
[Result "1/2-1/2"]
[WhiteElo "2350"]
[BlackElo "2338"]
[PlyCount "150"]
[EventDate "2005.07.11"]
[EventType "swiss"]
[EventRounds "8"]
[EventCountry "ESP"]
[Source "lmi"]
[SourceDate "2005.07.15"]

1. d4 Nf6 2. c4 e6 3. Nc3 Bb4 4. e3 Nc6 5. Bd3 d5 6. Nge2 O-O 7. f4 Ne4 8. O-O
f5 9. Na4 Be7 10. a3 Nb8 11. b4 Nd7 12. b5 c6 13. bxc6 bxc6 14. cxd5 cxd5 15.
Bd2 a5 16. Nec3 Nxc3 17. Bxc3 Ba6 18. Bxa6 Rxa6 19. Qd3 Qa8 20. Rfb1 Rc8 21.
Rb5 Rc4 22. Nc5 Qc6 23. Rab1 Bxc5 24. dxc5 Nxc5 25. Rb8+ Kf7 26. Qd2 Nd7 27.
R8b7 Rxc3 28. Rxd7+ Qxd7 29. Qxc3 Qc6 30. Qd2 Ra7 31. h4 Qc5 32. a4 Qc4 33. Qd1
g6 34. Rc1 Qb4 35. Rc8 Rb7 36. Ra8 Qe4 37. Qd4 Qxd4 38. exd4 Rb4 39. Rxa5 Rxd4
40. g3 Re4 41. Ra7+ Ke8 42. a5 d4 43. Rb7 d3 44. Rb2 Ra4 45. Rd2 Rxa5 46. Rxd3
e5 47. fxe5 Rxe5 48. Kf2 Kf7 49. Rd7+ Re7 50. Rd6 Kg7 51. Kf3 Ra7 52. Kf4 Kh6
53. Rb6 Kh5 54. Rb8 Ra1 55. Kf3 Ra5 56. Rb7 h6 57. Rb6 g5 58. hxg5 Ra3+ 59. Kg2
hxg5 60. Rb4 Re3 61. Kf2 Re4 62. Rb2 Kg4 63. Kg2 Ra4 64. Rc2 Ra3 65. Rc4+ f4
66. gxf4 gxf4 67. Rc2 Rg3+ 68. Kf2 Rh3 69. Rc4 Rh2+ 70. Kg1 Re2 71. Rc3 Re3 72.
Rc2 Kf3 73. Kf1 Ra3 74. Rf2+ Ke4 75. Re2+ Re3 1/2-1/2

[Event "España ch sub-16"]
[Site "Mondariz ESP"]
[Date "2005.07.14"]
[Round "7.2"]
[White "Lariño Nieto, David"]
[Black "Troncoso Gutierrez, Adrian"]
[Result "1-0"]
[WhiteElo "2350"]
[BlackElo "2062"]
[PlyCount "35"]
[EventDate "2005.07.11"]
[EventType "swiss"]
[EventRounds "8"]
[EventCountry "ESP"]
[Source "lmi"]
[SourceDate "2005.07.15"]

1. e4 c5 2. Nc3 Nc6 3. g3 g6 4. Bg2 Bg7 5. f4 d6 6. d3 e5 7. Nh3 Nge7 8. O-O
O-O 9. f5 gxf5 10. exf5 Bxf5 11. Rxf5 Nxf5 12. Be4 Nfd4 13. Qh5 f5 14. Bd5+ Kh8
15. Ng5 h6 16. Qg6 Nf3+ 17. Bxf3 hxg5 18. Qh5+ 1-0

[Event "España ch sub-16"]
[Site "Mondariz ESP"]
[Date "2005.07.14"]
[Round "7.3"]
[White "Valmaña Canto, Jaime"]
[Black "Trigo Urquijo, Sergio"]
[Result "0-1"]
[WhiteElo "2223"]
[BlackElo "2045"]
[PlyCount "72"]
[EventDate "2005.07.11"]
[EventType "swiss"]
[EventRounds "8"]
[EventCountry "ESP"]
[Source "lmi"]
[SourceDate "2005.07.15"]

1. e4 e5 2. Bc4 Bc5 3. Nf3 Nc6 4. d3 Nf6 5. c3 d6 6. h3 Bb6 7. Nbd2 Be6 8. O-O
O-O 9. Re1 Nd7 10. Nf1 Na5 11. Bb5 h6 12. Ng3 Nc6 13. Ba4 Qf6 14. Nh5 Qd8 15.
g4 Nf6 16. Ng3 Nxg4 17. hxg4 Bxg4 18. Bxc6 bxc6 19. Be3 Qf6 20. Kg2 h5 21. Nf1
Qg6 22. Kh1 f5 23. exf5 Qxf5 24. Qb3+ Kh8 25. Nh4 Qf6 26. Ng2 Bf3 27. Kh2 Bxg2
28. Kxg2 Qf3+ 29. Kh2 Bxe3 30. Rxe3 Qxf2+ 31. Kh1 Qh4+ 32. Kg1 Rf2 33. Qc4 Rf4
34. Re4 Raf8 35. Nh2 R8f6 36. Kh1 Rf1+ 0-1

[Event "España ch sub-16"]
[Site "Mondariz ESP"]
[Date "2005.07.14"]
[Round "7.4"]
[White "Remoli Sargues, Francisco"]
[Black "Fernandez Losada, Daniel"]
[Result "1/2-1/2"]
[WhiteElo "2139"]
[BlackElo "2108"]
[PlyCount "35"]
[EventDate "2005.07.11"]
[EventType "swiss"]
[EventRounds "8"]
[EventCountry "ESP"]
[Source "lmi"]
[SourceDate "2005.07.15"]

1. Nf3 c5 2. g3 g6 3. Bg2 Bg7 4. O-O Nc6 5. d3 d6 6. c3 Nf6 7. Nbd2 O-O 8. e4
e5 9. h3 Rb8 10. Nh2 Nh5 11. Nc4 Be6 12. Ne3 Qd7 13. h4 h6 14. Bf3 Nf6 15. Bg2
Nh5 16. Bf3 Nf6 17. Bg2 Nh5 18. Bf3 1/2-1/2

[Event "España ch sub-16"]
[Site "Mondariz ESP"]
[Date "2005.07.14"]
[Round "7.6"]
[White "Alarcia Astiz, Carlos"]
[Black "Lopez Quevedo, Angel Carlos"]
[Result "1-0"]
[WhiteElo "2091"]
[BlackElo "2046"]
[PlyCount "61"]
[EventDate "2005.07.11"]
[EventType "swiss"]
[EventRounds "8"]
[EventCountry "ESP"]
[Source "lmi"]
[SourceDate "2005.07.15"]

1. e4 c5 2. Nf3 e6 3. d4 cxd4 4. Nxd4 Nf6 5. Nc3 Nc6 6. Be2 Bb4 7. O-O O-O 8.
Bg5 Be7 9. Kh1 d5 10. exd5 Nxd5 11. Bxe7 Ndxe7 12. Nxc6 Nxc6 13. Bd3 e5 14. f4
Qh4 15. Qe2 Bg4 16. Qe4 Rad8 17. fxe5 Qh5 18. Rae1 Rde8 19. Qf4 Nxe5 20. Be4
Bc8 21. Qg3 Ng6 22. Nd5 f6 23. Bxg6 hxg6 24. Ne7+ Kh7 25. Re4 g5 26. Qd3 g6 27.
Nxc8 Rxc8 28. g4 Qh4 29. Re7+ Kh6 30. Qd7 Rh8 31. Rxf6 1-0

[Event "España ch sub-16"]
[Site "Mondariz ESP"]
[Date "2005.07.14"]
[Round "7.7"]
[White "Mestre Bellido, Hector"]
[Black "Guadamuro Torrente, Ana Isabel"]
[Result "0-1"]
[WhiteElo "2013"]
[BlackElo "2084"]
[PlyCount "66"]
[EventDate "2005.07.11"]
[EventType "swiss"]
[EventRounds "8"]
[EventCountry "ESP"]
[Source "lmi"]
[SourceDate "2005.07.15"]

1. e4 e5 2. Nf3 Nc6 3. Bc4 Bc5 4. d3 Nf6 5. Nc3 d6 6. Bg5 h6 7. Bxf6 Qxf6 8.
Nd5 Qd8 9. c3 O-O 10. b4 Bb6 11. a4 a6 12. Nxb6 cxb6 13. O-O Bg4 14. h3 Bh5 15.
g4 Bg6 16. Qd2 Rc8 17. Rac1 Ne7 18. Qa2 Bh7 19. Ne1 Ng6 20. Ng2 Qg5 21. f4 exf4
22. Qf2 Ne5 23. Qxb6 Nxc4 24. dxc4 f3 25. Ne3 Qf4 26. Rf2 Qg3+ 27. Kf1 Qxh3+
28. Ke1 Bxe4 29. Qxd6 Qh1+ 30. Kd2 Qh4 31. Ke1 Rfe8 32. Qf4 Rcd8 33. Qh2 Qg5
0-1

[Event "España ch sub-16"]
[Site "Mondariz ESP"]
[Date "2005.07.14"]
[Round "7.8"]
[White "Perez Campos, Adria"]
[Black "Leiva Velasco, David"]
[Result "1-0"]
[WhiteElo "2071"]
[BlackElo "2203"]
[PlyCount "59"]
[EventDate "2005.07.11"]
[EventType "swiss"]
[EventRounds "8"]
[EventCountry "ESP"]
[Source "lmi"]
[SourceDate "2005.07.15"]

1. c4 f5 2. d4 Nf6 3. g3 g6 4. Nf3 Bg7 5. Bg2 O-O 6. b4 d6 7. Bb2 c6 8. O-O Na6
9. Qb3 Nc7 10. Nc3 Kh8 11. d5 e5 12. e4 fxe4 13. Nd2 cxd5 14. cxd5 Bf5 15.
Ndxe4 b5 16. Rad1 Qd7 17. Nxf6 Bxf6 18. Ne4 Bg7 19. f4 Rae8 20. fxe5 Bxe5 21.
Bxe5+ dxe5 22. d6 Ne6 23. Nc5 Qg7 24. Rxf5 Rxf5 25. Nxe6 Qd7 26. Nc5 Qf7 27.
Qxf7 Rxf7 28. d7 Rd8 29. Bc6 Rff8 30. Ne6 1-0

[Event "España ch sub-16"]
[Site "Mondariz ESP"]
[Date "2005.07.14"]
[Round "7.9"]
[White "Huerga Leache, Mikel"]
[Black "Gonzalez Merino, Alberto"]
[Result "1-0"]
[WhiteElo "2176"]
[BlackElo "2070"]
[PlyCount "169"]
[EventDate "2005.07.11"]
[EventType "swiss"]
[EventRounds "8"]
[EventCountry "ESP"]
[Source "lmi"]
[SourceDate "2005.07.15"]

1. e4 e6 2. Nf3 d5 3. Nc3 d4 4. Ne2 c5 5. c3 Nc6 6. cxd4 cxd4 7. Qa4 Bc5 8. b4
Bxb4 9. Nexd4 Qa5 10. Bb5 Bd7 11. Rb1 Qxa4 12. Bxa4 Nxd4 13. Bxd7+ Kxd7 14.
Nxd4 Bc5 15. Nf3 b6 16. Ne5+ Ke7 17. d4 Bd6 18. Nc4 Rc8 19. Nxd6 Kxd6 20. Kd2
Ne7 21. Kd3 Rc6 22. Ba3+ Kd7 23. Rhc1 Rhc8 24. Bb2 g6 25. Rxc6 Rxc6 26. Bc3 a6
27. h4 Kd6 28. Bb4+ Kd7 29. Bd2 Kd6 30. h5 Kd7 31. Rh1 Rc8 32. hxg6 hxg6 33.
Rh7 Ke8 34. Bc3 Rd8 35. f3 Nc8 36. Bd2 Ne7 37. Bg5 Rc8 38. g4 Kf8 39. Bh6+ Ke8
40. Bd2 Kf8 41. Bc3 Ke8 42. Bb2 Rd8 43. Rh8+ Kd7 44. Rh2 Rc8 45. Ba3 Nc6 46. f4
Ne7 47. Rb2 Rc6 48. Rf2 Rc8 49. Rh2 Ke8 50. Re2 Kd7 51. Rb2 Rc6 52. g5 Ke8 53.
Rh2 Rc8 54. Rh8+ Kd7 55. Rh7 Ke8 56. Bd6 Rc6 57. Rh8+ Kd7 58. Bxe7 Kxe7 59. Rb8
b5 60. Rb7+ Ke8 61. Rb8+ Kd7 62. Rf8 Ke7 63. Ra8 Kd7 64. a3 Rd6 65. Ra7+ Ke8
66. Rc7 Rd7 67. Rc6 Ra7 68. d5 exd5 69. exd5 a5 70. Rb6 b4 71. axb4 axb4 72.
Rxb4 Ra1 73. Kd4 Ke7 74. Rb7+ Kd6 75. Rb6+ Ke7 76. Rb7+ Kd6 77. Rxf7 Ra4+ 78.
Ke3 Kxd5 79. Kf3 Ra3+ 80. Kg4 Ke4 81. Rf6 Ra1 82. Re6+ Kd5 83. Rxg6 Rg1+ 84.
Kf5 Rf1 85. Ra6 1-0

[Event "España ch sub-16"]
[Site "Mondariz ESP"]
[Date "2005.07.14"]
[Round "7.10"]
[White "Ladron De Guevara Pinto, Miguel"]
[Black "Güetas Sanchez, Hugo"]
[Result "1/2-1/2"]
[WhiteElo "2145"]
[BlackElo "2062"]
[PlyCount "134"]
[EventDate "2005.07.11"]
[EventType "swiss"]
[EventRounds "8"]
[EventCountry "ESP"]
[Source "lmi"]
[SourceDate "2005.07.15"]

1. e4 d5 2. exd5 Nf6 3. Bb5+ Bd7 4. Bc4 Bg4 5. f3 Bc8 6. Nc3 Nbd7 7. d4 Nb6 8.
Bd3 Nbxd5 9. Nge2 c6 10. Nxd5 Nxd5 11. c4 Nb6 12. Be3 g6 13. O-O Bg7 14. Qd2
O-O 15. Rad1 e5 16. dxe5 Bxe5 17. Bf4 Qf6 18. Bxe5 Qxe5 19. Kh1 Be6 20. f4 Qd6
21. Qc3 Qe7 22. Nd4 f5 23. Rfe1 Rf6 24. Re5 Qf7 25. Rde1 Re8 26. Nf3 h6 27. Qd4
Qd7 28. Qe3 Rd8 29. Rxe6 Rxe6 30. Qxe6+ Qxe6 31. Rxe6 Rxd3 32. Rxg6+ Kh7 33.
Re6 Rd1+ 34. Re1 Rxe1+ 35. Nxe1 Nxc4 36. b3 Ne3 37. Kg1 Nd5 38. Nd3 Nc3 39. a4
Ne4 40. Nc1 Kg7 41. Kf1 Kf6 42. Ke2 Ke6 43. Kd3 Kd5 44. h3 Nc5+ 45. Ke3 h5 46.
a5 h4 47. b4 Ne6 48. Ne2 Kc4 49. g4 hxg3 50. Nxg3 Ng7 51. h4 Kxb4 52. h5 Ne8
53. Nxf5 Nf6 54. h6 c5 55. Kd3 c4+ 56. Kc2 b5 57. axb6 axb6 58. Nd6 Nh7 59. Ne4
Kb5 60. Ng5 Nf6 61. Kc3 Kc5 62. h7 Nxh7 63. Nxh7 b5 64. f5 b4+ 65. Kc2 Kd5 66.
Ng5 Ke5 67. Nf3+ Kxf5 1/2-1/2

[Event "España ch sub-16"]
[Site "Mondariz ESP"]
[Date "2005.07.14"]
[Round "7.11"]
[White "Mayo Casademont, Marti"]
[Black "Ferreiro Pailos, Alejandro"]
[Result "1/2-1/2"]
[WhiteElo "2041"]
[BlackElo "2112"]
[PlyCount "63"]
[EventDate "2005.07.11"]
[EventType "swiss"]
[EventRounds "8"]
[EventCountry "ESP"]
[Source "lmi"]
[SourceDate "2005.07.15"]

1. d4 Nf6 2. c4 e6 3. Nc3 Bb4 4. f3 d5 5. a3 Bxc3+ 6. bxc3 b6 7. cxd5 exd5 8.
e3 O-O 9. Bd3 Re8 10. Ne2 Nbd7 11. O-O c5 12. Ng3 Bb7 13. Ra2 g6 14. Re2 Nf8
15. Qe1 Rc8 16. Bb2 Ne6 17. Qf2 Rc7 18. h3 Rf8 19. Rd1 c4 20. Bb1 Ne8 21. e4
N8g7 22. Bc1 f6 23. Rde1 Rcf7 24. f4 dxe4 25. Bxe4 Bxe4 26. Rxe4 Nc7 27. a4 Nd5
28. Qc2 Re8 29. Rxe8+ Nxe8 30. Ba3 Nd6 31. Re6 Rd7 32. f5 1/2-1/2

[Event "España ch sub-16"]
[Site "Mondariz ESP"]
[Date "2005.07.14"]
[Round "7.12"]
[White "Gimenez Martinez, Alberto"]
[Black "Martin Alvarez, Iñigo"]
[Result "1/2-1/2"]
[WhiteElo "2025"]
[BlackElo "2082"]
[PlyCount "108"]
[EventDate "2005.07.11"]
[EventType "swiss"]
[EventRounds "8"]
[EventCountry "ESP"]
[Source "lmi"]
[SourceDate "2005.07.15"]

1. e4 d5 2. exd5 Nf6 3. d4 Bg4 4. Bb5+ Nbd7 5. Be2 Bxe2 6. Qxe2 Nxd5 7. c4 N5b6
8. Nc3 c6 9. Nf3 Nf6 10. O-O e6 11. b3 Be7 12. Bb2 O-O 13. Rad1 Qc7 14. Ne5
Rad8 15. Ne4 Nxe4 16. Qxe4 Nd7 17. Nxd7 Qxd7 18. Rd3 Bf6 19. Rfd1 Qc7 20. Bc1
Qa5 21. a4 Rd7 22. Bd2 Qb6 23. Be3 Rfd8 24. g3 Qa5 25. Kf1 Qh5 26. Kg2 Qa5 27.
h3 Rd6 28. Bd2 Qa6 29. Bf4 R6d7 30. g4 h6 31. Be3 Qa5 32. f4 a6 33. Kg3 Qc7 34.
h4 g6 35. Kh3 Bg7 36. h5 gxh5 37. gxh5 Qa5 38. Qf3 Qf5+ 39. Qg4 Qxg4+ 40. Kxg4
f5+ 41. Kf3 Kh7 42. Bf2 Bf6 43. R1d2 Rd6 44. Rd1 R6d7 45. b4 b5 46. axb5 axb5
47. c5 Ra7 48. Re1 Re8 49. Rd2 Ra3+ 50. Re3 Ra7 51. Rdd3 Kg7 52. Ra3 Rd7 53.
Red3 Kf7 54. Ra6 Rc8 1/2-1/2

[Event "España ch sub-16"]
[Site "Mondariz ESP"]
[Date "2005.07.14"]
[Round "7.13"]
[White "Vallejo Diaz, Javier"]
[Black "Garcia Millan, Laura"]
[Result "1-0"]
[WhiteElo "2156"]
[BlackElo "1983"]
[PlyCount "133"]
[EventDate "2005.07.11"]
[EventType "swiss"]
[EventRounds "8"]
[EventCountry "ESP"]
[Source "lmi"]
[SourceDate "2005.07.15"]

1. e4 c6 2. d4 d5 3. Nd2 dxe4 4. Nxe4 Nd7 5. Nf3 Ngf6 6. Nxf6+ Nxf6 7. Ne5 Bf5
8. c3 e6 9. g4 Bg6 10. h4 Qd5 11. f3 h5 12. g5 Nd7 13. Nxg6 fxg6 14. Bd3 O-O-O
15. Be4 Qd6 16. Be3 e5 17. d5 cxd5 18. Qxd5 Qc7 19. Qe6 Kb8 20. O-O-O Bc5 21.
Bxc5 Nxc5 22. Qxg6 Nxe4 23. Qxe4 Qc5 24. f4 exf4 25. Qxf4+ Ka8 26. Rxd8+ Rxd8
27. Rd1 Rxd1+ 28. Kxd1 Qd5+ 29. Qd4 Qf3+ 30. Kc2 Qe2+ 31. Qd2 Qe4+ 32. Qd3 Qa4+
33. Kb1 Qe8 34. b4 Qe1+ 35. Kb2 Qf2+ 36. Ka3 Qf8 37. Qd5 a6 38. Kb3 Qe8 39. a4
Qe2 40. b5 axb5 41. axb5 Ka7 42. Qd4+ Kb8 43. c4 Qf3+ 44. Kb4 Qf8+ 45. c5 Qe8
46. Qxg7 Qe4+ 47. Kc3 Qe1+ 48. Kc4 Qe6+ 49. Kd4 Qg4+ 50. Ke5 Qe2+ 51. Kf6 Qxb5
52. Qf8+ Ka7 53. Kg6 Qe2 54. Kh6 Qe6+ 55. Kxh5 Qe2+ 56. Kh6 Qe6+ 57. Qf6 Qe3
58. Qd6 Ka8 59. c6 bxc6 60. Qxc6+ Kb8 61. Qf6 Kc8 62. h5 Qd2 63. Kh7 Qd7+ 64.
Qg7 Qf5+ 65. Kh8 Kb8 66. Qg8+ Kb7 67. Qh7+ 1-0

[Event "España ch sub-16"]
[Site "Mondariz ESP"]
[Date "2005.07.14"]
[Round "7.14"]
[White "Serrano Bozada, Esteban"]
[Black "Del Moral De La Bastida, Ramon"]
[Result "1-0"]
[WhiteElo "2012"]
[BlackElo "2095"]
[PlyCount "103"]
[EventDate "2005.07.11"]
[EventType "swiss"]
[EventRounds "8"]
[EventCountry "ESP"]
[Source "lmi"]
[SourceDate "2005.07.15"]

1. e4 e6 2. d4 d5 3. exd5 exd5 4. Bd3 Nc6 5. Ne2 Bd6 6. Nbc3 Nge7 7. f3 O-O 8.
Bg5 f6 9. Bh4 Nb4 10. Bg3 Nxd3+ 11. Qxd3 c6 12. O-O-O a5 13. Bxd6 Qxd6 14. g4
a4 15. Ng3 b5 16. Nce2 b4 17. Rhe1 Ba6 18. Qe3 Bc8 19. Nf4 Ra7 20. Nd3 Kf7 21.
Nc5 Ng6 22. Kb1 Nf4 23. Qd2 Qb8 24. Ne2 Ne6 25. Nxe6 Bxe6 26. Nf4 Re8 27. Nd3
Rb7 28. Qf4 Qxf4 29. Nxf4 Rbe7 30. Kc1 g5 31. Nd3 Rb7 32. Nc5 Ra7 33. Re3 Bd7
34. Rde1 Rxe3 35. Rxe3 Bc8 36. Kd2 Ba6 37. a3 bxa3 38. Rxa3 Ra8 39. Rxa4 Bb7
40. Rxa8 Bxa8 41. Ke3 Ke7 42. f4 h6 43. f5 Kd6 44. Kd3 Kc7 45. Kc3 Bb7 46. Nxb7
Kxb7 47. Kb4 Kb6 48. b3 Kb7 49. Kc5 Kc7 50. c4 dxc4 51. bxc4 Kd7 52. d5 1-0